<?xml version="1.0" encoding="UTF-8"?>
<collection xmlns="http://www.loc.gov/MARC21/slim">
  <record>
    <leader>00000nam  2200000   4500</leader>
    <controlfield tag="001">INLIS000000000006715</controlfield>
    <controlfield tag="005">20210110010202</controlfield>
    <datafield tag="035" ind1="#" ind2="#">
      <subfield code="a">0010-0420000006</subfield>
    </datafield>
    <datafield tag="245" ind1="1" ind2="#">
      <subfield code="a">Mengoptimalkan Nilai Akhlakul Karimah Kepada Siswa SD Negeri 020 Balikpapan Barat /</subfield>
      <subfield code="c">ANYTA RACHMAN, S.Pd.I</subfield>
    </datafield>
    <datafield tag="100" ind1="1" ind2="#">
      <subfield code="a">RACHMAN , Anyta</subfield>
    </datafield>
    <datafield tag="250" ind1="#" ind2="#">
      <subfield code="a">1</subfield>
    </datafield>
    <datafield tag="300" ind1="#" ind2="#">
      <subfield code="a">ix, 41 halaman ; lampiran :</subfield>
      <subfield code="b">ilustrasi ;</subfield>
      <subfield code="c">30 cm</subfield>
    </datafield>
    <datafield tag="260" ind1="#" ind2="#">
      <subfield code="a">Samarinda :</subfield>
      <subfield code="b">Puslatbang KDOD,</subfield>
      <subfield code="c">2020</subfield>
    </datafield>
    <datafield tag="084" ind1="#" ind2="#">
      <subfield code="a">LATSAR 302 2020</subfield>
    </datafield>
    <datafield tag="650" ind1="#" ind2="#">
      <subfield code="a">Pelatihan Dasar - LATSAR</subfield>
    </datafield>
    <datafield tag="650" ind1="#" ind2="#">
      <subfield code="a">Etika - Pendidikan</subfield>
    </datafield>
    <datafield tag="500" ind1="#" ind2="#">
      <subfield code="a">Coach : Betha Miranti Andalina, S.IP&#13;
Mentor : SITI ZAKIYAH, S.Si., MSE, MA&#13;
Penguji : SRI REJEKI PANTJASATI, S.Pd.MM</subfield>
    </datafield>
    <controlfield tag="008">210110################|##########|#|##</controlfield>
    <datafield tag="990" ind1="#" ind2="#">
      <subfield code="a">LATSAR/302/2020</subfield>
    </datafield>
  </record>
</collection>
